000 00647nam a2200229Ia 4500
003 OSt
005 20220928104452.0
006 a|||||r|||| 00| 0
007 ta
008 220927b |||||||| |||| 00| 0 eng d
024 _a64583
037 _cTextual
040 _aSDCL
_cSDCL
_beng
041 _2eng
_aeng
082 _aV73,933'N7, L9
100 _aLittrell W. Boyd
_9410536
245 0 _aBureaucratic justice
_b Police, prosecutors and plea bargaining
260 _aLondon
_bSage Publication
_c1979
300 _a284p.
_ccm.
942 _hV73,933'N7, L9
_cTEXL
_2CC
999 _c726188
_d726188